00635nam a2200169Ia 4500008004100000020001800041082001900059100001900078245008300097260002300180300001100203440001300214500008000227650003300307952010800340999001700448120622s9999 xx 000 0 und d a968-39-0881-0 a658.4012 R495p aRice, Craig S. aPlaneación estratégica para la pequeña y mediana empresa / Craig S. Rice aMéxico : PROMEXA a234 p. aNegocios aTítulo original: Planning for the small business \ Incluye bibliografía a1. PLANEACION ESTRATEGICAÌ 00104070a01b01d2007-01-25l4m1o658.4012 R495Pp01 004800r2020-03-06s2020-03-06w2012-06-24yLB c57023d57023